000 00523nam a22001577a 4500
999 _c535785
_d535785
020 _qHard Cover.
082 _a616.015
100 _aAyyub, Aisha
245 _aASSOCIATON OF OSTEOPOROSIS WITH LIPID METABOLISM AND CARDIOVASCULAR DISEASE /
_cAisha Ayyub
260 _aIslamabad :
_bAMC - NUST,
_c2014.
300 _axvi, 100 p. : ill. ;
_c30cm.
942 _2ddc
_cTHE
650 _aChemical Pathology M Phil.-Thesis.
_930636
700 _aDr. Rizwan Hashim.
_930637